[Event "Posadas Misiones op"]
[Site "Posadas"]
[Date "2018.08.18"]
[Round "1.6"]
[White "Alvarez, Maria Itati"]
[Black "Dos Santos, Leo Jose"]
[Result "0-1"]
[WhiteElo "1967"]
[BlackElo "1799"]
[PlyCount "76"]
[EventDate "2018.08.18"]
[EventType "swiss"]
[EventRounds "6"]
[EventCountry "ARG"]
[SourceTitle "EXT 2024"]
[Source "ChessBase"]
[SourceDate "2023.10.10"]
[SourceVersion "1"]
[SourceVersionDate "2023.10.10"]
[SourceQuality "1"]

1. d4 d6 2. e4 Nf6 3. Nc3 Nbd7 4. Nf3 g6 5. Bd3 Bg7 6. 0-0 0-0 7. Re1 e5 8. Be3 Ng4 9. Qd2 Nxe3 10. Qxe3 Nf6 11. dxe5 Ng4 12. Qd2 Nxe5 13. Nxe5 dxe5 14. g3 c6 15. Rad1 Bg4 16. Be2 Qxd2 17. Rxd2 Be6 18. Kg2 Rfd8 19. Rd3 Rxd3 20. cxd3 Bh6 21. Rd1 Rd8 22. Bf3 Kf8 23. Ne2 Ke7 24. b3 Bg7 25. h3 h5 26. Kh2 Bf6 27. Bg2 h4 28. f4 hxg3+ 29. Kxg3 exf4+ 30. Nxf4 Be5 31. Bf3 g5 32. Bg4 Bxg4 33. hxg4 Bxf4+ 34. Kf3 Rh8 35. Rf1 Rh3+ 36. Ke2 Re3+ 37. Kd1 Rxd3+ 38. Kc2 Rd2+ 0-1

[Event "Posadas Realidades 2nd"]
[Site "Posadas"]
[Date "2018.07.21"]
[Round "2.6"]
[White "Dos Santos, Leo Jose"]
[Black "Almiron, Antonio"]
[Result "0-1"]
[WhiteElo "1795"]
[BlackElo "2340"]
[PlyCount "68"]
[EventDate "2018.07.20"]
[EventType "swiss"]
[EventRounds "5"]
[EventCountry "ARG"]
[SourceTitle "EXT 2024"]
[Source "ChessBase"]
[SourceDate "2023.10.10"]
[SourceVersion "1"]
[SourceVersionDate "2023.10.10"]
[SourceQuality "1"]

1. e4 e5 2. g3 Nf6 3. Bg2 d5 4. exd5 Nxd5 5. d3 Nc6 6. Nc3 Nxc3 7. bxc3 Bc5 8. Ne2 0-0 9. 0-0 Bg4 10. Be3 Bb6 11. h3 Bh5 12. g4 Bg6 13. Ng3 Rb8 14. Qe2 Re8 15. Kh2 Nd4 16. Qd1 Ne6 17. Be4 Bxe4 18. Nxe4 Qd5 19. g5 Qc6 20. Qh5 Nf8 21. Rg1 Ng6 22. Qg4 Qe6 23. Qg3 Kh8 24. h4 Ne7 25. Qg4 Nf5 26. Rae1 Nd6 27. Nxd6 Qxd6 28. h5 e4+ 29. Bf4 Qc6 30. h6 Bxf2 31. d4 Bxe1 32. hxg7+ Kg8 33. Rxe1 Qxc3 34. Re2 Qf3 0-1